00595nam a2200193Ia 4500008004100000020001800041082001200059100001900071245003600090250000800126260003700134300002300171500001900194600002000213650001500233942000700248952012900255999001700384240925s9999 xx 000 0 und d a9788122437850 a697 PAD aPadiyar, K. R. 0aHVDC power transmission systems a3rd aNew Delhi:bKatson Booksc,2015. a439p.b0fOriginal aIncludes Index aSocial Sciences aManagement cBK 001040708MANaUITUbUITUd2015-12-11eRoyal Book Companyg295.00l0o697 PADpQ10728r2024-09-25 07:15:48w2024-09-25yBK c13227d13227